| 000 | 00470cam a2200181 4500 | ||
|---|---|---|---|
| 001 | D1156 | ||
| 008 | 090401t1982 xxu||||| |||| 00| 0 eng d | ||
| 035 | _a(Sirsi) u62737 | ||
| 041 | _aeng | ||
| 050 | _a692.5017 | ||
| 110 |
_aThe Australian Institute of Quantity Surveyors _92374 |
||
| 245 | _aCode of professional conduct (effective 1st January 1983) | ||
| 260 |
_aCanberra _bAIQS _c1982 |
||
| 300 | _a3p. 30cm | ||
| 350 | _a0 | ||
| 942 | _n0 | ||
| 948 | _c04/03/1997 | ||
| 999 |
_c94476 _d94476 |
||